Billete al paraíso /
Guardat en:
| Autor principal: | |
|---|---|
| Altres autors: | |
| Format: | Llibre |
| Idioma: | espanyol |
| Publicat: |
Barcelona, España :
Egales,
2006, c2006
|
| Col·lecció: | (Salir del Armario ;
97) |
| Matèries: | |
| Etiquetes: |
Sense etiquetes, Sigues el primer a etiquetar aquest registre!
|
MARC
| LEADER | 00000nam^a2200000^a^4500 | ||
|---|---|---|---|
| 001 | 000294991 | ||
| 005 | 20250521000000.0 | ||
| 008 | 090325 20062006 | ||
| 009 | 20260526135135.108 | ||
| 020 | |a 84-88052-05-7 | ||
| 037 | |a Acervo ITESO - Biblioteca | ||
| 041 | |a ESP | ||
| 082 | |a 808. 839353 |b SAL V. 97 | ||
| 100 | |a García Carrera, Daniel |e (autor) | ||
| 245 | 1 | 0 | |a Billete al paraíso / |c D. García Carrera ; pról. de J.M. Sánchez Silva. |
| 264 | 4 | |a Barcelona, España : |b Egales, |c 2006, c2006 | |
| 300 | |a 244 p. | ||
| 336 | |a texto |b txt |2 rdacontenido | ||
| 337 | |a sin mediación |b n |2 rdamedio | ||
| 338 | |a volumen |b nc |2 rdasoporte | ||
| 440 | 1 | |a (Salir del Armario ; |v 97) | |
| 649 | |a XX | ||
| 650 | |a Homosexuales Cubanos - |x Memorias | ||
| 650 | |a Cubanos - |x Memorias | ||
| 650 | |a Cubanos en España - |x Memorias | ||
| 650 | |a Memorias Cubanas | ||
| 650 | |a Homosexualidad - |z Cuba - |x Tema Principal | ||
| 650 | |a Literatura Cubana - |y Siglo XXI | ||
| 650 | |a Literatura Española - |y Siglo XXI | ||
| 650 | |a Literatura Gay y Lésbica - |z España | ||
| 650 | |a Literatura Autobiográfica - |z España | ||
| 650 | |a Cuba - |x Historia - |y 1959-2006 | ||
| 650 | |a García Carrera, Daniel - |x Tema Principal | ||
| 700 | |a Sánchez Silva, José María |e (pról.) | ||
| 910 | |a Fondo General | ||
| 920 | |a Impresos - Libros | ||
| 930 | |a Colección General | ||
| 940 | |a Literatura | ||
| 905 | |a 101 | ||
| 901 | |a 0500180761 |b IT1 |c LIT |u 20250521 | ||
| 902 | |a https://opac.biblio.iteso.mx/vufind/Record/000294991 | ||